Lengua española 1o. : (Registro nro. 9805)

Detalles MARC
000 -LIDER
fixed length control field 00720nam a22002297a 4500
001 - NÚMERO DE CONTROL
Identificador de número de control 00200
003 - IDENTIFICACDOR DE NÚMERO DE CONTROL
control field DO-SdBNP
005 - DATE AND TIME OF LATEST TRANSACTION
control field 20160415151050.0
007 - CAMPOS FIJOS DE DESCRIPCIÓN FÍSICA
fixed length control field 00200
008 - ELEMENTOS DE LONGITUD FIJA
fixed length control field 160415b dr 19--||||| |||| 00| 0 spa d
040 ## - FUENTE DE CATALOGACIÓN
Agencia que crea de manera original el registro BPMSU
Idioma de catalogación spa
Agencia que realiza la transcripción BPMSU
092 ## - LOCALLY ASSIGNED DEWEY DECIMAL CALL NUMBER
Número de clasificación xxxxxxxxx
Número de ítem (Cutter) xxxxxxxxx
100 1# - ASIENTO PRINCIPAL -- NOMBRE PERSONAL
Nombre personal Hernández Dominicana, Cristiana
245 1# - MENCIÓN DE TITULO
Título Lengua española 1o. :
Subtítulo el lenguaje al servicio de la comunicación /
Enlace Cristiana Hernández Dominicana
260 ## - PUBLICACIÓN, DISTRIBUCIÓN, ETC. (PIE DE IMPRENTA)
Lugar de publicación, distribución, etc Santo Domingo :
Nombre del editor, distribuidor, etc. Susaeta,
Fecha de publicación, distribución, etc 19--?
300 ## - DESCRIPCIÓN FÍSICA
Extensión 231 p. :
Otros detalles físicos il.,
Dimensiones 25 cm.
490 1# - MENCIÓN DE SERIES
Mención de serie Escuela dominicana
500 ## - NOTA GENERAL
Nota general Libro de lecto-escritura primer curso educación primaria
830 #0 - ASIENTO SECUNDARIO DE SERIE--TÍTULO UNIFORME
Título uniforme Escuela dominicana
942 ## - ADDED ENTRY ELEMENTS (KOHA)
Source of classification or shelving scheme Dewey Decimal Classification
Koha item type Libros
956 ## - LOCAL ELECTRONIC LOCATION AND ACCESS (OCLC)
Nombre de host BRENDA TAVÁREZ

No hay ítems disponibles.